Statistics for My Singing Monsters Quiz

Click here to take the quiz!

General Stats

  • This quiz has been taken 58 times
  • The average score is 8 of 15

Answer Stats

QuestionAnswer% Correct
Who created the Wublins?Wubbox
90%
What are the islands most commonly referred to as?Colossals
73%
What does Spurrit say?Huzzah
73%
What does Rare Wubbox say frequently?Error
71%
Which monster was originally from a separate game?Thumpies
66%
What was Psychic Island originally called?Fire Frontier
59%
What is the Mobile-exclusive structure used to replace monster sounds called?Recording Studio
54%
Which Wublin needs three eggs of all natural island Quad-element monsters?Dwumrohl
51%
How many diamonds does it cost to fill up an empty Epic Wubbox?750
49%
Which monster is related to its island's Colossal?Enchantling
44%
What was the name of the discontinued My Singing Monsters match-three game?Furcorn's Jelly Dreams
39%
Which quad-element Fire monster did not exist before Amber Island existed?PongPing
37%
What was the name of the discontinued My Singing Monsters block-popping game?Jammer Splash
34%
How do you get extra Breeding and Incubation structures, upgraded diamond mines on Plant Island and no ads on mobile?Spending any amount of real money in the game
22%
What are the flying creatures that play Cherubble's harp called?Blubberflies
15%

Score Distribution

Percentile by Number Answered

Percent of People with Each Score

Your Score History

You have not taken this quiz